Podnikateľský plán : podnikateľský plán polyfunkčného ubytovacieho zariadenia bakalárska práca

Gespeichert in:
Bibliographische Detailangaben
1. Verfasser: Orságová, Miroslava
Körperschaft: Fakulta podnikového manažmentu EU. Katedra podnikovohospodárska
Weitere Verfasser: Kintler, Jakub, 1979-
Format: Buch
Sprache:Slowakisch
Veröffentlicht: Bratislava 2009
Tags: Tag hinzufügen
Keine Tags, Fügen Sie das erste Tag hinzu!

MARC

LEADER 00000nam$a2200000$$$4500
001 0102088
005 20240319130225.3
041 0 |a slo 
044 |a SK 
245 1 0 |a Podnikateľský plán : podnikateľský plán polyfunkčného ubytovacieho zariadenia  |b bakalárska práca  |c Miroslava Orságová ; škol. Jakub Kintler 
264 1 |a Bratislava  |c 2009 
300 |a 51 s. 
100 1 |a Orságová, Miroslava 
700 1 |a Kintler, Jakub, 1979- 
710 2 |a Fakulta podnikového manažmentu EU. Katedra podnikovohospodárska